BOZP platí pre každého

BOZP zahŕňa v sebe dve funkcie: bezpečnosť práce a ochrana zdravia pri práci. Ciele BOZP. BOZP musia zabezpečovať všetci zamestnávatelia. Ústredný orgán štátnej správy pre BOZP. Nadnárodné štandardy pre BOZP. Európska agentúra pre BOZP. Novely zákona v roku 2015. Základné ustanovenia zákona o BOZP.

Salvato in:
Dettagli Bibliografici
Autore principale: Matulková, Mariana
Natura: Capitolo di libro
Lingua:slovacco
Soggetti:
Tags: Aggiungi Tag
Nessun Tag, puoi essere il primo ad aggiungerne!!

MARC

LEADER 00000naa a2200000 4500
001 0223486
005 20161017103822.1
041 0 |a slo 
044 |a SK 
245 1 0 |a BOZP platí pre každého  |c Mariana Matulková 
520 |a BOZP zahŕňa v sebe dve funkcie: bezpečnosť práce a ochrana zdravia pri práci. Ciele BOZP. BOZP musia zabezpečovať všetci zamestnávatelia. Ústredný orgán štátnej správy pre BOZP. Nadnárodné štandardy pre BOZP. Európska agentúra pre BOZP. Novely zákona v roku 2015. Základné ustanovenia zákona o BOZP. 
610 2 0 |a bezpečnosť práce 
610 2 0 |a ochrana zdravia 
610 2 0 |a zamestnávatelia 
610 2 0 |a zamestnanci 
610 2 0 |a orgány štátne 
610 2 0 |a agentúry 
610 2 0 |a úpravy právne 
100 1 |a Matulková, Mariana